|
|
|
|
| LEADER |
01157nam a2200241 a 4500 |
| 001 |
1084949 |
| 008 |
091124r19921989pk b 001 0 eng d |
| 010 |
|
|
|a 91930415
|
| 040 |
|
|
|a DLC
|c DLC
|d DLC
|
| 082 |
0 |
0 |
|a 297/.19785
|2 20
|
| 100 |
1 |
|
|a Khan, Muhammad Akram,
|d 1945-
|
| 245 |
1 |
0 |
|a Economic teachings of Prophet Muhammad (may peace be upon him) :
|b a select anthology of Hadith literature on economics /
|c Muhammad Akram Khan.
|
| 260 |
|
|
|a Islamabad :
|b International Institute of Islamic Economics :
|b Institute of Policy Studies, ;
|a New Delhi ;
|b Oriental Publication,
|c c1989.[Reprinted 1992]
|
| 300 |
|
|
|a xi, 355 p. ;
|c 22 cm.
|
| 500 |
|
|
|a English and Arabic.
|
| 504 |
|
|
|a Includes bibliographical references ([267]) and index.
|
| 541 |
1 |
|
|e 00010953
|
| 650 |
|
0 |
|a Economics
|x Religious aspects
|x Islam.
|
| 650 |
|
0 |
|a Islam
|x Economic aspects.
|
| 650 |
|
0 |
|a Hadith
|x Texts.
|
| 852 |
4 |
|
|a Ayesha Abed Library
|j General Shelf
|
| 999 |
|
|
|c 5883
|d 5883
|
| 952 |
|
|
|0 0
|1 0
|2 ddc
|4 0
|6 297_197850000000000_KHA_1992
|7 0
|9 5867
|a BRACUL
|b BRACUL
|c GEN
|d 2009-12-06
|g 0.00
|l 1
|o 297.19785 KHA
|p 3010010953
|r 2016-11-21
|s 2016-11-07
|t 1
|w 2009-12-06
|y BK
|x No price found in the accession register.
|